| 000 | 00773nam a2200277Ia 4500 | ||
|---|---|---|---|
| 008 | 160303s9999 xx 000 0 und d | ||
| 020 | _a0-415-28045-1 | ||
| 050 | _aMAIN LC 4019 | ||
| 050 | _b.F73 2004 | ||
| 100 | _aFrances, Jane | ||
| 245 | _aEducating children with facial disfigurement : | ||
| 245 | _bcreating inclusive school communities / | ||
| 245 | _cJane Frances. | ||
| 260 | _aLondon : | ||
| 260 | _bRoutledge Falmer. | ||
| 260 | _c2004 | ||
| 300 | _a117 pages : | ||
| 300 | _bcolor illustrations ; | ||
| 300 | _c25 cm. | ||
| 500 | _aIncludes bibliographical references and index. | ||
| 650 | _aChildren with disabilities -- | ||
| 650 | _aFace -- | ||
| 650 | _aInclusive education. | ||
| 650 | _xAbnormalities. | ||
| 650 | _xEducation. | ||
| 999 |
_c291070 _d291070 |
||